000
00210 a2200097 4500
001
125495
040
_c
Escola Canadense de Niteroi
100
_a
Adrados, Isabel
245
1
0
_a
Orientação Infantil
942
_c
REF
999
_c
125495
_d
125495